कृषि उत्पाद संसाधन के सिद्धांत / (Record no. 118288)

MARC details
000 -LEADER
fixed length control field 01106nam a22002537a 4500
005 - DATE AND TIME OF LATEST TRANSACTION
control field 20170124103110.0
010 ## - LIBRARY OF CONGRESS CONTROL NUMBER
LC control number A-765143
020 ## - INTERNATIONAL STANDARD BOOK NUMBER
Terms of availability 65.00
International Standard Book Number 8186308075
035 ## - SYSTEM CONTROL NUMBER
System control number A-765143
037 ## - SOURCE OF ACQUISITION
Source of stock number/acquisition Cen Lib/Ret
040 ## - CATALOGING SOURCE
Original cataloging agency DPL
Language of cataloging HN
082 ## - DEWEY DECIMAL CLASSIFICATION NUMBER
Classification number 630
Item number पाण्डेय
100 ## - MAIN ENTRY--PERSONAL NAME
Personal name पाण्डेय, परमहंस
9 (RLIN) 79285
245 ## - TITLE STATEMENT
Title कृषि उत्पाद संसाधन के सिद्धांत /
Statement of responsibility, etc परमहंस पाण्डेय
246 ## - VARYING FORM OF TITLE
Title proper/short title Krishi utpad sansadhan ke siddhant
Remainder of title by Pramhans Pandey
260 ## - PUBLICATION, DISTRIBUTION, ETC. (IMPRINT)
Place of publication, distribution, etc दिल्ली
Name of publisher, distributor, etc स्टैण्डर्ड पब्लिशेर्स
Date of publication, distribution, etc 1995
270 ## - ADDRESS
Address 1705-बी ,नई सड़क
City दिल्ली
Postal code 110006
300 ## - PHYSICAL DESCRIPTION
Extent 252पृष्ठ. :
Dimensions 20सेमी(सजिल्द)
Other physical details चित्र.
650 ## - SUBJECT ADDED ENTRY--TOPICAL TERM
Topical term or geographic name as entry element कृषि विज्ञान
9 (RLIN) 79286
650 ## - SUBJECT ADDED ENTRY--TOPICAL TERM
Topical term or geographic name as entry element कृषि संसाधन
9 (RLIN) 3679
650 ## - SUBJECT ADDED ENTRY--TOPICAL TERM
Topical term or geographic name as entry element Agriculture Science
9 (RLIN) 40544
650 ## - SUBJECT ADDED ENTRY--TOPICAL TERM
Topical term or geographic name as entry element Agricultural Resources
9 (RLIN) 79287
942 ## - ADDED ENTRY ELEMENTS (KOHA)
Source of classification or shelving scheme Dewey Decimal Classification
Koha item type Hindi Books
Classification part 630
Call number suffix पाण्डेय
Holdings
Withdrawn status Lost status Damaged status Not for loan Home library Current library Date acquired Source of acquisition Cost, normal purchase price Total Checkouts Full call number Barcode Date last seen Copy number Cost, replacement price Price effective from Koha item type
        Central Library Central Library 10/09/2015 Cen Lib/Ret 65.00   630 पाण्डेय A-765143 10/09/2015 1 65.00 10/09/2015 Hindi Books

© Delhi Public Library
Hit Counter
free hit counter